Tutmacı'nın Gül ü Husrev mesnevisi

Elmentve itt :
Bibliográfiai részletek
Szerző: Levend Agâh Sırrı
Dokumentumtípus: Cikk
Megjelent: Türk Tarih Kurumu Basımevi Ankara 1960
Sorozat:Bilimsel bildiriler, 1957 : VIII. Türk Dil Kurultayına okunan bilimsel bildiriler
Kulcsszavak:Török irodalom - költészet
Tárgyszavak:
Online Access:http://misc.bibl.u-szeged.hu/63576
LEADER 00853nab a2200229 i 4500
001 misc63576
005 20241009101652.0
008 220524s1960 hu o 000 tur d
040 |a SZTE Miscellanea Repozitórium  |b hun 
041 |a tur 
100 1 |a Levend Agâh Sırrı 
245 1 0 |a Tutmacı'nın Gül ü Husrev mesnevisi  |h [elektronikus dokumentum] /  |c  Levend Agâh Sırrı 
260 |a Türk Tarih Kurumu Basımevi  |b Ankara  |c 1960 
300 |a 169-174  |c 24 cm 
300 |a [6] p.  |c 24 cm 
490 0 |a Bilimsel bildiriler, 1957 : VIII. Türk Dil Kurultayına okunan bilimsel bildiriler 
561 |a Németh Gyula hagyaték 
591 |a NOA 3139 
650 4 |a Bölcsészettudományok 
650 4 |a Nyelvek és irodalom 
695 |a Török irodalom - költészet 
856 4 0 |u http://misc.bibl.u-szeged.hu/63576/1/3139_noa_l62.pdf  |z Dokumentum-elérés